Moudrost starověkých národů

Bibliographic Details
Main Author: Lobsang Rampa, Tuesday, 1910-1981 (Author)
Other Authors: Slámová, Jana (prekladateľka) (Translator)
Format: Book
Language:Czech
English
PhysicalDescription:237 s. 20 cm
Published: Bratislava Alexander Giertli - Eugenika 2016
ISBN:9788081004681
Edition:1. vyd.
Subjects:

MARC

LEADER 00000cam a2200000 a 4500
001 vtls011586445
003 SK-MaSNL
005 20260301135832.0
008 240318s2016 xo g d 000 0 cze
015 |a SNBA2016/12 
020 |a 9788081004681  |q (brož.) 
035 |a F82E1464-5B0E-4A23-A1B8-3EDC3772D403 
035 |a urn:nbn:sk:snk-amycwb 
035 |a urn:nbn:sk:snk-am00cg50 
040 |a SNK  |b slo  |c SNK  |e AACR2 
041 1 |a cze  |h eng 
044 |a xo  |c SK 
072 7 |a 133  |x Ezoterizmus. Okultizmus  |2 konspekt 
080 |a 133  |2 2011 
080 |a (038.072)  |2 2011 
100 1 |a Lobsang Rampa, Tuesday,  |d 1910-1981  |4 aut  |9 171515 
240 1 0 |a Wisdom of the Ancients  |l Česky 
245 1 0 |a Moudrost starověkých národů  |c T. Lobsang Rampa ; [překlad Jana Slámová] 
250 |a 1. vyd. 
260 |a Bratislava  |b Alexander Giertli - Eugenika  |c 2016 
300 |a 237 s.  |c 20 cm 
500 |a Preložené z angličtiny 
500 |a Na obálke: Význam vybraných okultních pojmů slovy slavného autora 
650 0 7 |a okultizmus  |2 SNKPH  |9 2078 
650 0 7 |a Occultism  |2 SNKPHeng  |9 274109 
655 7 |a výkladové slovníky  |2 SNKPH  |9 69007 
655 7 |a Explanatory dictionaries  |2 SNKPHeng  |9 278822 
700 1 |a Slámová, Jana  |c (prekladateľka)  |4 trl  |9 185829 
852 |a Štátna vedecká knižnica v Banskej Bystrici 
919 |a 978-80-8100-468-1 
958 |a OP 
968 |a Čes  |b ENG 
999 |c 761556  |d 763486 
952 |a SNK  |b SNK  |y PREZ  |7 0  |p 17A1249898  |o snkSD 85770  |i snk2016/27242  |8 0  |0 0  |1 0  |4 0  |d 2016-11-24  |f 1  |l 0  |r 2026-02-24 00:06:49  |w 2026-02-24 
952 |a SNK  |b SNK  |y VYP  |7 0  |p 17A1249899  |o snkSD 85770 D1  |i snk2016/27244  |8 0  |0 0  |1 0  |4 0  |d 2016-11-24  |l 0  |r 2026-02-24 00:06:49  |w 2026-02-24